000 00891nas a2200277 4500
001 BR0201834
003 BR-BrBNA
005 20231205102845.0
007 ta
008 230509b bl.|||p| |||| 00| 00por d
040 _aBR-BrBNA
_bpor
_cBiblioteca Nacional de Agricultura
041 _a(Pt)
072 _aH10
100 1 _aFernandes, A.M.V.
100 1 _aFarias, A.M.I.
100 1 _aSoares, M.M.M.
100 1 _aVasconcelos, S.D.
245 1 _aDesenvolvimento do pulgão Aphis gossypii Glover (Hemiptera: Aphididae)em três cultivares do algodão herbáceo Gossypium hirsutum L. r. latifolium Hutch.
650 _aInseto
650 _aPulgão
650 _aPraga de Planta
650 _aAlgodão
773 0 _tNeotropical Entomology (Brazil)
_xISSN 1519-566X
_g(Sep 2001), v. 30(3) p. 467-470
_wBR0201834
909 _a202311
_bLúcia
_c55
_dLúcia Elande
942 _2AGRIS
_n0
_cANA
999 _c169735
_d169735